000 00890cam a2200253 a 4500
999 _c20136
_d20136
001 3403828
005 20170118141013.0
008 891216s1987 kyua b 000 0 eng
010 _a 89127596
020 _a0891453415 :
_c$19.95
050 0 0 _aNK9509.95.C43L662 1987
100 1 _aLongest, David.
245 1 0 _aCharacter toys and collectibles.
_nSecond series /
_cby David Longest.
260 _aPaducah, KY :
_bCollectible Books,
_cc1987.
300 _a254 p. :
_bcol. ill. ;
_c29 cm.
504 _aBibliography: p. 254.
650 0 _aCharacter toys
_xCollectors and collecting.
650 0 _aComic art paraphernalia
_xCollectors and collecting.
942 _2lcc
_cBOOKS
_hNK9509.95.C43L662 1987